<?xml version="1.0" encoding="UTF-8"?>
<record
    xmlns:xsi="http://www.w3.org/2001/XMLSchema-instance"
    xsi:schemaLocation="http://www.loc.gov/MARC21/slim http://www.loc.gov/standards/marcxml/schema/MARC21slim.xsd"
    xmlns="http://www.loc.gov/MARC21/slim">

  <leader>00855nab a2200229   4500</leader>
  <controlfield tag="003">BR-BrBNA</controlfield>
  <controlfield tag="005">20231226155621.0</controlfield>
  <controlfield tag="008">231226b        bl.||||| |||| 00| 0 por d</controlfield>
  <datafield tag="040" ind1=" " ind2=" ">
    <subfield code="a">BR-BrBNA</subfield>
    <subfield code="b">por</subfield>
  </datafield>
  <datafield tag="072" ind1=" " ind2=" ">
    <subfield code="a">L01 ; L02 ; L51</subfield>
    <subfield code="b">5212</subfield>
  </datafield>
  <datafield tag="100" ind1=" " ind2=" ">
    <subfield code="a">Russo, H&#xE9;lio Galuppo</subfield>
  </datafield>
  <datafield tag="245" ind1=" " ind2=" ">
    <subfield code="a">Colostro: uma boa alimenta&#xE7;&#xE3;o para bezerros</subfield>
  </datafield>
  <datafield tag="650" ind1=" " ind2=" ">
    <subfield code="a">COLOSTRO</subfield>
  </datafield>
  <datafield tag="650" ind1=" " ind2=" ">
    <subfield code="a">LEITE</subfield>
  </datafield>
  <datafield tag="650" ind1=" " ind2=" ">
    <subfield code="a">BEZERRO</subfield>
  </datafield>
  <datafield tag="650" ind1=" " ind2=" ">
    <subfield code="a">SECRE&#xC7;&#xC3;O P&#xD3;S-PARTO</subfield>
  </datafield>
  <datafield tag="650" ind1=" " ind2=" ">
    <subfield code="a">PROTE&#xCD;NA</subfield>
  </datafield>
  <datafield tag="650" ind1=" " ind2=" ">
    <subfield code="a">IMUNOGLOBULINA</subfield>
  </datafield>
  <datafield tag="773" ind1="0" ind2=" ">
    <subfield code="0">1330</subfield>
    <subfield code="9">275213</subfield>
    <subfield code="d">Campinas-SP Coordenadoria de Assist&#xEA;ncia T&#xE9;cnica Integral - CATI - Centro de Comunica&#xE7;&#xE3;o Rural e Treinamento - CECORT 1979. Data final de publica&#xE7;&#xE3;o em 1990</subfield>
    <subfield code="o">2023-437022</subfield>
    <subfield code="t">Casa da Agricultura (Brazil)</subfield>
    <subfield code="x">0100-6541</subfield>
    <subfield code="g">v. 1(2) p. 36 (May-Jun 1979)</subfield>
    <subfield code="w">BR2023002285</subfield>
  </datafield>
  <datafield tag="942" ind1=" " ind2=" ">
    <subfield code="c">Anal&#xED;tica</subfield>
  </datafield>
  <datafield tag="999" ind1=" " ind2=" ">
    <subfield code="c">260166</subfield>
    <subfield code="d">260166</subfield>
  </datafield>
</record>
